000 00272nam a22000977a 4500
008 240921b |||||||| |||| 00| 0 eng d
020 _a9789360231620
100 _aMTG Learning Media
_97727
245 _aCBSE 10 Solved Question Papers-Class-12
260 _aNew Delhi
_bMTG
_c2025
999 _c12683
_d12683